000 00407pab a2200157 454500
008 180718b2005 xxu||||| |||| 00| 0 eng d
100 _aBhattacharya, Sabyasachi
245 _aPartitions of Bengal: issues in state and civil society relationship
260 _c2005
300 _ap.35-38.
362 _aAnnual
650 _aIndia - History
650 _aHistory
773 _aMainstream
909 _a68160
999 _c68160
_d68160